Dunkerque / (Record no. 196292)

MARC details
000 -LEADER
campo de control de longitud fija 01362nam a2200373 i 4500
001 - NÚMERO DE CONTROL
campo de control 196292
003 - IDENTIFICADOR DE NÚMERO DE CONTROL
campo de control ES-MaACL
005 - FECHA Y HORA DE LA ÚLTIMA TRANSACCIÓN
campo de control 20250805062621.0
007 - CAMPO FIJO DE DESCRIPCIÓN FÍSICA--INFORMACIÓN GENERAL
campo de control de longitud fija ta
008 - DATOS DE LONGITUD FIJA--INFORMACIÓN GENERAL
campo de control de longitud fija 240828s2017 sp a | |||| 000 f spa
017 ## - NÚMERO DE COPYRIGHT O DE DEPÓSITO LEGAL
Número de copyright o de depósito legal M 15190-2017
Agencia que asigna Oficina Depósito Legal Madrid
020 ## - NÚMERO INTERNACIONAL ESTÁNDAR DEL LIBRO
Número Internacional Estándar del Libro 9788491391739
035 ## - NÚMERO DE CONTROL DEL SISTEMA
Número de control de sistema (OCoLC)1050752309
035 ## - NÚMERO DE CONTROL DEL SISTEMA
Número de control de sistema (SpMaBN)a6026096
035 ## - NÚMERO DE CONTROL DEL SISTEMA
Número de control de sistema 991005064699708606
040 ## - FUENTE DE CATALOGACIÓN
Centro catalogador/agencia de origen SpMaBN
Lengua de catalogación spa
Centro/agencia transcriptor SpMaBN
Normas de descripción rdc
Centro/agencia modificador ES-MaACL
080 ## - NÚMERO DE LA CLASIFICACIÓN DECIMAL UNIVERSAL
Número de la Clasificación Decimal Universal 355.48 (442.8 Dunkerque) "1940"
100 ## - ENTRADA PRINCIPAL--NOMBRE DE PERSONA
Nombre de persona Levine, Joshua
9 (RLIN) 238636
245 10 - MENCIÓN DEL TÍTULO
Título Dunkerque /
Mención de responsabilidad, etc. Joshua Levine ; [traductor, Víctor Horrillo Ledesma].
260 ## - PUBLICACIÓN, DISTRIBUCIÓN, ETC.
Lugar de publicación, distribución, etc. Madrid :
Nombre del editor, distribuidor, etc. HarperCollins,
Fecha de publicación, distribución, etc. D. L. 2017.
300 ## - DESCRIPCIÓN FÍSICA
Extensión 382 p., [8] p. de lám. :
Dimensiones 23 cm.
500 ## - NOTA GENERAL
Nota general "Incluye una entrevista exclusiva con el director Chistopher Nolan"--Cubierta. Traducción de: Dunkirk
504 ## - NOTA DE BIBLIOGRAFÍA, ETC.
Nota de bibliografía, etc. Bibliografía: p. 375-382
594 ## - NOTA AL TITULO Y MENCION DE RESPONSABILIDAD
Nota al título y mención de responsabilidad Titulo original: Dunkirk
650 #0 - PUNTO DE ACCESO ADICIONAL DE MATERIA--TÉRMINO DE MATERIA
Término de materia o nombre geográfico como elemento de entrada Batalla de Dunkerque, 1940
Fuente del encabezamiento o término embne
9 (RLIN) 238637
700 ## - ENTRADA AGREGADA--NOMBRE PERSONAL
Nombre de persona Nolan, Christopher
9 (RLIN) 238638
852 ## - LOCALIZACIÓN
Ubicación ES-MaACL
Ubicación en estantería Depósito J
Número de control de estantería A-15523
itemnumber 204009
Donativo/Legado Donación: Fernando Codina Rodríguez
903 ## - NOMBRE PERSONAL DE DONANTE
a Codina Rodríguez, Fernando
q 1
e Donante
9 238631
942 ## - ELEMENTOS DE ENTRADA SECUNDARIOS (KOHA)
Suprimir en OPAC No
Tipo de ítem Koha Libro impreso
Holdings
Estatus retirado Estado de pérdida Fuente del sistema de clasificación o colocación Estado de daño No para préstamo Biblioteca de origen Biblioteca actual Ubicación en estantería Fecha de adquisición Fuente de adquisición Total de préstamos Signatura topográfica completa Código de barras Visto por última vez Precio de reemplazo Tipo de ítem Koha
    Clasificación decimal universal     Biblioteca del Ateneo de Madrid Biblioteca del Ateneo de Madrid Depósito J 28/08/2024 Donación   A-15523 101228809 28/08/2024 28/08/2024 Libro impreso